The Elements of Coordinate Geometry : (Record no. 2980)

000 -LEADER
fixed length control field 00736nam a2200265 a 4500
006 - FIXED-LENGTH DATA ELEMENTS--ADDITIONAL MATERIAL CHARACTERISTICS--GENERAL INFORMATION
fixed length control field a||||gr|||| 000 0
007 - PHYSICAL DESCRIPTION FIXED FIELD--GENERAL INFORMATION
fixed length control field ta
008 - FIXED-LENGTH DATA ELEMENTS--GENERAL INFORMATION
fixed length control field 190924s2023 ii a|||gr|||| 000 0 eng d
020 ## - INTERNATIONAL STANDARD BOOK NUMBER
International Standard Book Number 9789388127301
Terms of availability Rs. 225.00
040 ## - CATALOGING SOURCE
Original cataloging agency IMU Kochi Library
Language of cataloging eng
041 0# - LANGUAGE CODE
Language code of text/sound track or separate title eng
044 ## - COUNTRY OF PUBLISHING/PRODUCING ENTITY CODE
MARC country code India
082 04 - DEWEY DECIMAL CLASSIFICATION NUMBER
Edition number 23
Classification number 516.16
Item number L848
100 1# - MAIN ENTRY--PERSONAL NAME
Personal name Loney, S. L.
245 14 - TITLE STATEMENT
Title The Elements of Coordinate Geometry :
Sub Title Part 1 Cartesian Coordinates /
260 ## - PUBLICATION, DISTRIBUTION, ETC. (IMPRINT)
Place of publication, distribution, etc Meerut :
Name of publisher, distributor, etc Arihant Publication India Ltd.,
Date of publication, distribution, etc [2023]
300 ## - PHYSICAL DESCRIPTION
Extent xvi, 386 p. :
Other physical details ill. ;
Dimensions 21 cm.
650 #0 - SUBJECT ADDED ENTRY--TOPICAL TERM
Topical term or geographic name as entry element Geometry
General subdivision Textbooks
650 #0 - SUBJECT ADDED ENTRY--TOPICAL TERM
Topical term or geographic name as entry element Mathematics
General subdivision Textbooks
650 #0 - SUBJECT ADDED ENTRY--TOPICAL TERM
Topical term or geographic name as entry element Geometry
General subdivision Shapes
-- Textbooks
852 ## - LOCATION/CALL NUMBER
Location IMU Kochi Library
904 ## - LOCAL DATA ELEMENT D, LDD (RLIN)
CATALOGER Rudra Ranjan
905 ## - LOCAL DATA ELEMENT E, LDE (RLIN)
VERIFIER Rudra Ranjan
942 ## - ADDED ENTRY ELEMENTS (KOHA)
Item type Books
Holdings
Withdrawn status Lost status Source of classification or shelving scheme Damaged status Not for loan Collection code Permanent location Current location Shelving location Date acquired Source of acquisition Cost, normal purchase price Full call number Barcode Date last seen Koha item type Public note
          Mathematics IMU Kochi Library IMU Kochi Library General Stacks 2025-01-22 M/s Rajasthani Granthagar (Inv. No. RG/2425/536 Dt. 02-01-2025) 225.00 516.16 L848 BK006636 2025-01-22 Books Gen. Shelf-8, Row-1
          Mathematics IMU Kochi Library IMU Kochi Library General Stacks 2025-01-22 M/s Rajasthani Granthagar (Inv. No. RG/2425/536 Dt. 02-01-2025) 225.00 516.16 L848 BK006637 2025-01-22 Books Gen. Shelf-8, Row-1
          Mathematics IMU Kochi Library IMU Kochi Library General Stacks 2025-01-22 M/s Rajasthani Granthagar (Inv. No. RG/2425/536 Dt. 02-01-2025) 225.00 516.16 L848 BK006638 2025-01-22 Books Gen. Shelf-8, Row-1


Copyright © All Rights Reserved by Indian Maritime University, Kochi Campus.
For any Suggestions/Query Contact to library or Email: library.kochi@imu.ac.in Ph:(0484)-2989402
(Web OPAC Designed by Rudra Ranjan. Maintained by IMU Kochi Library)

Powered by Koha